1195 1051 1132 1214 1118 1038 1347 1962 1535 1972 1021 1174 1249 1646 1154 1557 1463 1813 1066 1051 1883 1622 1451 1605 1228 1025 1553 1955 1790 1906 1632 1294 1071 1689 1134 1322 1830 1246 1527 1268 1427 1006 1493 1781 1561 1226 1149 1287 1628 1358 1717 1779 1625 1828 1876 1909 1389 1282 1876 1164 1751 1630 1911 1120 1893 1300 1159 1155 1103 1938 1079 1282 1761 1350 1628 1072 1905 1278 1619 1354 1878 1120 1734 1823 1260 1817 1605 1809 1664 1001 1673 1670 1777 1394 1347 1907 1403 1263 1304 BCNSPRNW ULIB Ver.6.0+V

เปลี่ยนเป็นภาษาไทย

Change to English
 แสดงรายละเอียดบรรณานุกรม
  กลับหน้าหลัก

Brief Record : Get Marc (ISO 2709) : E-mail record : QR code < ปิดหน้าต่าง
LEADER : 00000nam 2200000uu 4500
001    13399123461
003     ULIB
008    140922s2556||||th 000 0 tha d
020    ^a9786169144632
060    ^aWY18^bส15ค^c
100    ^aสุปาณี เสนาดิสัย, บรรณาธิการ
245    ^aคู่มือการรับรองสถาบันการศึกษาวิชาการพยาบาลและการผดุงครรภ์สำหรับสถาบันการศึกษาที่มีผู้สำเร็จการศึกษาหลักสูตรพยาบาลศาสตรบัณฑิต/^bบรรณาธิการ, สุปาณี เสนาดิสัย,
250    ^aพิมพ์ครั้งที่ 1.
260    ^aกรุงเทพฯ :^bจุดทอง,^c2556
300    ^a230 หน้า
650    ^aการรับรองสถาบันการศึกษา--การพยาบาล
945    ^p100^l0^i035497
945    ^p100^l0^i035498
945    ^p100^l0^i035499
945    ^p100^l0^i035500
945    ^p100^l0^i035501
945    ^p100^l0^i035502
945    ^p100^l0^i035503
945    ^p100^l0^i035504
945    ^p100^l0^i035505
945    ^p100^l0^i035506
999    ^aเกษร โพธิ์สุวรรณ
รายการนี้ยังไม่มีแท็ก
คุณยังไม่ได้ล็อกอิน คุณสามารถมีกิจกรรมร่วมกับเว็บไซต์ได้ แต่ต้องล็อกอินก่อน ::
  ล็อกอิน

รายการสื่อสารสนเทศ

ลำดับที่ ประเภท เลขเรียก/บาร์โค้ด สถานที่ สถานะ
1. Book การพยาบาล
หนังสือสำรอง
สถานะ=หนังสือสำรอง
WY18 ส15ค ฉ.1 
  Barcode: 035497
ห้องสมุดวิทยาเขตสวรรค์ประชารักษ์
►ส่วนจัดเก็บหนังสือเก่า สปร
บนชั้น
  ขอยืม
2. Book การพยาบาล
Book การพยาบาล
WY18 ส15ค ฉ.10 
  Barcode: 035506
ห้องสมุดวิทยาเขตสวรรค์ประชารักษ์
►ส่วนจัดเก็บหนังสือเก่า สปร
บนชั้น
  ขอยืม
3. Book การพยาบาล
Book การพยาบาล
WY18 ส15ค ฉ.2 
  Barcode: 035498
ห้องสมุดวิทยาเขตสวรรค์ประชารักษ์
►ส่วนจัดเก็บหนังสือเก่า สปร
บนชั้น
  ขอยืม
4. Book การพยาบาล
Book การพยาบาล
WY18 ส15ค ฉ.3 
  Barcode: 035499
ห้องสมุดวิทยาเขตสวรรค์ประชารักษ์
►ส่วนจัดเก็บหนังสือเก่า สปร
บนชั้น
  ขอยืม
5. Book การพยาบาล
Book การพยาบาล
WY18 ส15ค ฉ.4 
  Barcode: 035500
ห้องสมุดวิทยาเขตสวรรค์ประชารักษ์
►ส่วนจัดเก็บหนังสือเก่า สปร
บนชั้น
  ขอยืม
6. Book การพยาบาล
Book การพยาบาล
WY18 ส15ค ฉ.5 
  Barcode: 035501
ห้องสมุดวิทยาเขตสวรรค์ประชารักษ์
►ส่วนจัดเก็บหนังสือเก่า สปร
บนชั้น
  ขอยืม
7. Book การพยาบาล
Book การพยาบาล
WY18 ส15ค ฉ.6 
  Barcode: 035502
ห้องสมุดวิทยาเขตสวรรค์ประชารักษ์
►ส่วนจัดเก็บหนังสือเก่า สปร
บนชั้น
  ขอยืม
8. Book การพยาบาล
Book การพยาบาล
WY18 ส15ค ฉ.7 
  Barcode: 035503
ห้องสมุดวิทยาเขตสวรรค์ประชารักษ์
►ส่วนจัดเก็บหนังสือเก่า สปร
บนชั้น
  ขอยืม
9. Book การพยาบาล
Book การพยาบาล
WY18 ส15ค ฉ.8 
  Barcode: 035504
ห้องสมุดวิทยาเขตสวรรค์ประชารักษ์
►ส่วนจัดเก็บหนังสือเก่า สปร
บนชั้น
  ขอยืม
10. Book การพยาบาล
Book การพยาบาล
WY18 ส15ค ฉ.9 
  Barcode: 035505
ห้องสมุดวิทยาเขตสวรรค์ประชารักษ์
►ส่วนจัดเก็บหนังสือเก่า สปร
บนชั้น
  ขอยืม

รายการใกล้เคียง
    ผู้แต่ง [สุปาณี เสนาดิสัย, บรรณาธิการ]

    หัวเรื่อง [การรับรองสถาบันการศึกษา--การพยาบาล]

BibComment


ยังไม่เคยถูกคอมเมนท์

คอมเมนท์ทรัพยากรรายการนี้
  คอมเมนท์: คู่มือการรับรองส..


 Copyright 2026. Bcnsprnw @Library